|
|
|
|
| LEADER |
00000naa2a2200000 4500 |
| 001 |
533811 |
| 005 |
20231101113157.0 |
| 035 |
|
|
|a (RuTPU)RU\TPU\prd\221531
|
| 090 |
|
|
|a 533811
|
| 100 |
|
|
|a 20140728a1986 k y0rusy50 ca
|
| 101 |
0 |
|
|a rus
|
| 102 |
|
|
|a RU
|
| 200 |
1 |
|
|a Яркость свечения газоразрядно-люминесцентных преобразователей импульсного рентненовского излучения
|f В. Н. Ланшаков, В. К. Кулешов
|
| 320 |
|
|
|a Библиогр.: с. 62
|
| 330 |
|
|
|a Приведены результаты исследований яркости свечения газоразрядно-люминесцентных преобразователей, в которых видимое изображение (в отличие от обычных газо-разрядных преобразователей) формируется УФ излучением разрядов на люминесцентном слое. Получено выражение для оценки средней яркости свечения газоразрядно-люминесцентных преобразователей в лавинном режиме работы в зависимости от газового наполнения, напряженности электрического пол в газоразрядном промежутке, условий облучения и трансформации УФ излучения в видимое. Результаты расчетов проверены экспериментально
|
| 461 |
|
0 |
|0 (RuTPU)RU\TPU\prd\151
|x 0130-3082
|t Дефектоскопия
|f Российская академия наук ; Отделение общей физики и астрономии УрО РАН
|d 1965-
|
| 463 |
|
0 |
|0 (RuTPU)RU\TPU\prd\87643
|t № 7-12
|v С. 58-62
|d 1986
|
| 610 |
1 |
|
|a труды учёных ТПУ
|
| 700 |
|
1 |
|a Ланшаков
|b В. Н.
|
| 701 |
|
1 |
|a Кулешов
|b В. К.
|c специалист в области неразрушающего контроля
|c профессор Томского политехнического университета, доктор технических наук
|f 1939-
|g Валерий Константинович
|2 stltpush
|3 (RuTPU)RU\TPU\pers\19828
|
| 801 |
|
1 |
|a RU
|b 63413507
|c 20140728
|
| 942 |
|
|
|c BK
|